000 00284nam a22001337a 4500
020 _a81-204-1114-5
041 _aENG
100 _aPrevost.P
245 _aFundamantals of Modern Agricultural
260 _aDelhi
_bOxfort & IBH
_c1999
300 _a226
650 _aIDE
856 _uIDE
999 _c509
_d509